Quiz sulla mappa delle squadre dell'Italia - Statistics

Statistiche generali
  • Questo quiz è stato fatto 260 volte
  • Il punteggio medio è 16 su 20
Risposte nella Mappa
Le risposte nella mappa del quiz sottostante sono codificate secondo una scala di colori dal rosso al verde in base alla % di persone che hanno risposto correttamente.
 
Statistiche sulle risposte
Risposta % Corretto
Cagliari
94%
Palermo
93%
Napoli
91%
Fiorentina
90%
Roma
89%
Genoa
85%
Inter Milan
85%
Bologna
83%
Juventus
83%
Lecce
83%
Reggina
80%
Campobasso
79%
Hellas Verona
78%
USD Pont Donnaz Hône Arnad Evançon
78%
Udinese
77%
Südtirol
76%
Ascoli Calcio
74%
Pescara
73%
Picerno
71%
Ternana
66%
Nessun quiz corrispondente trovato
Distribuzione punteggi
Percentuale di utenti per punteggio
Percentile per numero di risposta
I tuoi punteggi nel tempo
Non hai fatto questo quiz